Music Quiz

Random Music or Album Quiz

NME Top 50 Albums 2012 Quiz Stats

 Plays Quiz not verified by Sporcle

Challenge
Share
Tweet
Embed
Score 0/50 Timer 10:00
0 Plays Today
Rank Album % Correct
3.Channel Orange
75.4%
1.Lonerism
70.5%
45.Born To Die
65.6%
11.Blunderbuss
62.3%
14.Coexist
59%
9.Jake Bugg
52.5%
5.An Awesome Wave
47.5%
10.Django Django
44.3%
17.Shields
41%
2.Visions
37.7%
22.Bloom
37.7%
36.The Vaccines Come Of Age
36.1%
44.Good Kid, M.A.A.D. City
36.1%
13.Oshin
34.4%
6.Given To The Wild
31.1%
4.(III)
27.9%
19.Toy
24.6%
33.A+E
24.6%
35.Metz
24.6%
32.The Haunted Man
21.3%
31.Cruel Summer
19.7%
21.Sun
18%
27.Devotion
18%
26.Enjoy It While It Lasts
16.4%
15.Tramp
14.8%
Rank Album % Correct
20.America Give Up
14.8%
25.Mature Themes
14.8%
34.In Our Heads
14.8%
28.Sweet Heart, Sweet Light
13.1%
29.2
13.1%
47.Fin
13.1%
50.Shrines
13.1%
18.Baby
11.5%
39.WIXIW
11.5%
42.Sonik Kicks
11.5%
8.In The Belly Of The Brazen Bull
9.8%
16.Melody's Echo Chamber
9.8%
12.Love This Giant
8.2%
37.A Flash Flood Of Colour
8.2%
49.Until The Quiet Comes
8.2%
7.Beard Wives Denim
6.6%
41.Twins
6.6%
46.The Bravest Man In The Universe
6.6%
23.Standing At The Sky's Edge
3.3%
24.Children Of Desire
1.6%
38.Trouble
1.6%
40.Give You The Ghost
1.6%
48.Be Strong
1.6%
30.Other People's Problems
0%
43.Wiki93
0%

You're not logged in!

Compare scores with friends on all Sporcle quizzes.
Join for Free
OR
Log In

You Might Also Like...

Show Comments

Extras

Created Nov 30, 2012SourceReportNominate
Tags:Album Quiz, nme, Top 50

Top Quizzes Today


Score Distribution

Your Account Isn't Verified!

In order to create a playlist on Sporcle, you need to verify the email address you used during registration. Go to your Sporcle Settings to finish the process.

Report this User

Report this user for behavior that violates our Community Guidelines.

Details: